000
00301nam a22001337a 4500
008
240424b |||||||| |||| 00| 0 eng d
020
_a
9789354401411
082
_a
839.82
100
_a
Ibsen, Henrik
245
_a
Doll's House
300
_a
127 p.;
_c
19.5 Cm
700
_a
Ibsen, Henrik
942
_2
ddc
999
_c
9912
_d
9913